[Event "77th ch-RUS 2024"]
[Site "Barnaul RUS"]
[Date "2024.08.17"]
[Round "1.1"]
[White "Artemiev, Vladislav"]
[Black "Najer, Evgeniy"]
[Result "1/2-1/2"]
[WhiteTitle "GM"]
[BlackTitle "GM"]
[WhiteElo "2699"]
[BlackElo "2635"]
[WhiteFideId "24101605"]
[BlackFideId "4118987"]
[EventDate "2024.08.17"]

1. Nf3 d5 2. e3 c5 3. d4 Nf6 4. c4 cxd4 5. exd4 g6 6. cxd5 Nxd5 7. Qb3 Bg7 8.
Bc4 e6 9. Bg5 Qa5+ 10. Bd2 Qd8 11. Nc3 Nxc3 12. Bxc3 O-O 13. O-O Nc6 14. d5 exd5
15. Bxg7 Kxg7 16. Bxd5 Qf6 17. Rfe1 Rd8 18. Rad1 a5 19. h3 Nb4 20. Bxf7 Rxd1 21.
Rxd1 Qxf7 22. Qc3+ Qf6 23. Qc7+ Qf7 24. Qe5+ Qf6 25. Qc7+ Qf7 26. Qc3+ Qf6 27.
Qc7+ 1/2-1/2

[Event "77th ch-RUS 2024"]
[Site "Barnaul RUS"]
[Date "2024.08.17"]
[Round "1.2"]
[White "Makarian, Rudik"]
[Black "Dubov, Daniil"]
[Result "1/2-1/2"]
[WhiteTitle "IM"]
[BlackTitle "GM"]
[WhiteElo "2537"]
[BlackElo "2701"]
[WhiteFideId "44105681"]
[BlackFideId "24126055"]
[EventDate "2024.08.17"]

1. c4 e6 2. Nf3 d5 3. d4 Nf6 4. Nc3 c6 5. Bg5 h6 6. Bxf6 Qxf6 7. e3 Nd7 8. Be2
Qd8 9. O-O Be7 10. a4 a5 11. e4 dxe4 12. Nxe4 O-O 13. Qb3 Qc7 14. Qe3 e5 15.
Nxe5 Nxe5 16. dxe5 Qxe5 17. f4 Bc5 18. Qxc5 Qxe4 19. Rae1 Be6 20. b3 1/2-1/2

[Event "77th ch-RUS 2024"]
[Site "Barnaul RUS"]
[Date "2024.08.17"]
[Round "1.3"]
[White "Grebnev, Aleksey"]
[Black "Matlakov, Maxim"]
[Result "1/2-1/2"]
[WhiteTitle "GM"]
[BlackTitle "GM"]
[WhiteElo "2513"]
[BlackElo "2651"]
[WhiteFideId "34189030"]
[BlackFideId "4168003"]
[EventDate "2024.08.17"]

1. d4 Nf6 2. c4 e6 3. Nf3 d5 4. g3 Be7 5. Bg2 O-O 6. O-O dxc4 7. Qc2 a6 8. a4
Bd7 9. Qxc4 Bc6 10. Bg5 Bd5 11. Qc2 Be4 12. Qc1 Nc6 13. e3 Bb4 14. Nc3 Bxc3 15.
Qxc3 h6 16. Bxf6 Qxf6 17. Nd2 Bxg2 18. Kxg2 Rfd8 1/2-1/2

[Event "77th ch-RUS 2024"]
[Site "Barnaul RUS"]
[Date "2024.08.17"]
[Round "1.4"]
[White "Esipenko, Andrey"]
[Black "Ponkratov, Pavel"]
[Result "1/2-1/2"]
[WhiteTitle "GM"]
[BlackTitle "GM"]
[WhiteElo "2671"]
[BlackElo "2571"]
[WhiteFideId "24175439"]
[BlackFideId "4157800"]
[EventDate "2024.08.17"]

1. e4 e5 2. Nf3 Nc6 3. Bb5 a6 4. Ba4 d6 5. O-O Nf6 6. Re1 Be7 7. Bxc6+ bxc6 8.
d4 Nd7 9. dxe5 dxe5 10. Nbd2 f6 11. Nc4 Nc5 12. Qe2 O-O 13. Nh4 Rf7 14. Na5 Qe8
15. Qc4 Be6 16. Qe2 Bf8 17. b3 Rd8 18. Bb2 Bc8 19. Qc4 Be6 20. Qe2 Bc8 21. Qc4
Be6 22. Qe2 1/2-1/2

[Event "77th ch-RUS 2024"]
[Site "Barnaul RUS"]
[Date "2024.08.17"]
[Round "1.5"]
[White "Grischuk, Alexander"]
[Black "Timofeev, Artyom"]
[Result "1-0"]
[WhiteTitle "GM"]
[BlackTitle "GM"]
[WhiteElo "2708"]
[BlackElo "2547"]
[WhiteFideId "4126025"]
[BlackFideId "4140419"]
[EventDate "2024.08.17"]

1. e4 c5 2. Nf3 d6 3. d4 cxd4 4. Nxd4 Nf6 5. Nc3 a6 6. Be3 Ng4 7. Bg5 h6 8. Bh4
g5 9. Bg3 Bg7 10. h3 Ne5 11. Nf5 Bxf5 12. exf5 Qa5 13. Qd5 Nbc6 14. Qxa5 Nxa5
15. Nd5 Rc8 16. O-O-O e6 17. f6 Bf8 18. Bxe5 dxe5 19. Nc3 Rxc3 20. bxc3 h5 21.
Be2 Rh6 22. Rhe1 g4 23. hxg4 hxg4 24. Bxg4 Rxf6 25. Rxe5 Nc4 26. Re2 Bc5 27. Rd3
Bxf2 28. Rf3 Bh4 29. Rxf6 Bxf6 30. Bf3 b6 31. Re4 b5 32. Rg4 Bxc3 33. Rg8+ Ke7
34. Ra8 a5 35. Be2 Nd6 36. Ra7+ Kf6 37. Rc7 Be5 38. Rc6 Kf5 39. Rb6 b4 40. Ra6
Kf4 41. Rxa5 Bd4 42. a4 bxa3 43. Rxa3 f5 44. Ra6 Ke5 45. Bd3 Bc3 46. Ra3 Kd4 47.
Ra4+ Kd5 48. g4 fxg4 49. Rxg4 e5 50. Ra4 e4 51. Bf1 Kc5 52. Kd1 Bb4 53. Ra8 Kd4
54. Ba6 Kc3 55. Ra7 Ba5 56. Bf1 Bb4 57. Rc7+ Kd4 58. Ba6 Ba5 59. Rd7 Bb4 60. Ke2
Bc5 61. Kd2 Bb4+ 62. Kd1 Kc3 63. Rh7 Kd4 64. Rh5 Bc3 65. Bb5 Bb4 66. Ke2 Kc3 67.
Ba4 Nb7 68. Rh3+ Kc4 69. Bc6 Nc5 70. Ke3 Kc3 71. Rh2 Ba3 72. Bxe4 Bc1+ 73. Kf3
Ne6 74. Ke2 Nd4+ 75. Kd1 Bf4 76. Rh4 Be5 77. Rh3+ Kb2 78. Bd3 Nc6 79. Be4 Nd4
80. Rh5 Bf6 81. Kd2 Be7 82. Kd3 Bf6 83. Rh6 Be5 84. Rb6+ Ka3 85. Bd5 Ka4 86. c3
Nf5 87. Bc6+ Ka3 88. Rb5 1-0

[Event "77th ch-RUS 2024"]
[Site "Barnaul RUS"]
[Date "2024.08.17"]
[Round "1.6"]
[White "Dreev, Aleksey"]
[Black "Nesterov, Arseniy"]
[Result "1/2-1/2"]
[WhiteTitle "GM"]
[BlackTitle "GM"]
[WhiteElo "2591"]
[BlackElo "2592"]
[WhiteFideId "4100107"]
[BlackFideId "24198455"]
[EventDate "2024.08.17"]

1. d4 d5 2. Nf3 Nf6 3. Bf4 e6 4. e3 Bd6 5. Bxd6 Qxd6 6. c4 O-O 7. Nc3 b6 8. Rc1
Bb7 9. cxd5 Nxd5 10. Bd3 Nd7 11. O-O Nxc3 12. Rxc3 g6 13. Be2 c5 14. dxc5 Qxd1
15. Rxd1 Nxc5 16. b4 Ne4 17. Rc7 Bd5 18. Ne5 a5 19. Nd7 Rfc8 20. Rxc8+ Rxc8 21.
Nxb6 Rc2 22. Bd3 Rxa2 23. Nxd5 exd5 24. Bxe4 dxe4 1/2-1/2

[Event "77th ch-RUS 2024"]
[Site "Barnaul RUS"]
[Date "2024.08.18"]
[Round "2.1"]
[White "Artemiev, Vladislav"]
[Black "Makarian, Rudik"]
[Result "1/2-1/2"]
[WhiteTitle "GM"]
[BlackTitle "IM"]
[WhiteElo "2699"]
[BlackElo "2537"]
[WhiteFideId "24101605"]
[BlackFideId "44105681"]
[EventDate "2024.08.17"]

1. e4 c5 2. Nf3 e6 3. c3 d5 4. exd5 Qxd5 5. Na3 a6 6. Nc4 Nd7 7. a4 b6 8. Be2
Bb7 9. O-O Ngf6 10. Re1 Be7 11. d4 O-O 12. Bf4 cxd4 13. Qxd4 Rfc8 14. Red1 Qxd4
15. Nxd4 Nd5 16. Bg3 N7f6 17. a5 b5 18. Nd6 Bxd6 19. Bxd6 Ne4 20. Ba3 Nf4 21.
Bf1 Bd5 22. g3 Ng6 23. f4 Rd8 24. f5 Ne5 25. fxe6 fxe6 26. Re1 Nc4 27. Nxe6 Bxe6
28. Rxe4 Bd5 29. Rd4 Bf7 30. Bc5 Rxd4 31. Bxd4 Nxb2 32. Bg2 Rb8 33. Bc5 Nc4 34.
Bb4 Ne3 35. Bh3 h5 36. Re1 Nd5 37. Re4 g5 38. Re5 g4 39. Bg2 Rd8 40. Rg5+ Kh7
41. Be4+ Kh6 42. Rf5 Kg7 43. Kf2 Rd7 44. Bh1 Kg6 45. Be4 Kg7 46. Bxd5 Rxd5 47.
Rxd5 Bxd5 48. Ke3 Kf6 49. Kd4 Bb7 50. Kc5 Ke5 51. Kb6 Bc8 52. Kc7 Bf5 53. Kb7
Kd5 54. Kxa6 Kc6 55. Ka7 Bc8 56. Be7 Bb7 57. Bd8 Bc8 58. Bb6 Bb7 59. a6 Bc8 60.
Ba5 Kc5 1/2-1/2

[Event "77th ch-RUS 2024"]
[Site "Barnaul RUS"]
[Date "2024.08.18"]
[Round "2.2"]
[White "Timofeev, Artyom"]
[Black "Dreev, Aleksey"]
[Result "1/2-1/2"]
[WhiteTitle "GM"]
[BlackTitle "GM"]
[WhiteElo "2547"]
[BlackElo "2591"]
[WhiteFideId "4140419"]
[BlackFideId "4100107"]
[EventDate "2024.08.17"]

1. e4 c6 2. d4 d5 3. e5 Bf5 4. h4 h5 5. Bd3 Bxd3 6. Qxd3 e6 7. Nf3 Qa5+ 8. Nc3
Qa6 9. Qd1 Bb4 10. Bd2 Bxc3 11. Bxc3 Ne7 12. Bb4 Nf5 13. a4 Nd7 14. Qe2 Qxe2+ 1/2-1/2

[Event "77th ch-RUS 2024"]
[Site "Barnaul RUS"]
[Date "2024.08.18"]
[Round "2.3"]
[White "Ponkratov, Pavel"]
[Black "Grischuk, Alexander"]
[Result "1/2-1/2"]
[WhiteTitle "GM"]
[BlackTitle "GM"]
[WhiteElo "2571"]
[BlackElo "2708"]
[WhiteFideId "4157800"]
[BlackFideId "4126025"]
[EventDate "2024.08.17"]

1. e4 e5 2. Nf3 Nc6 3. Bb5 Nf6 4. O-O Nxe4 5. Re1 Nd6 6. Nxe5 Be7 7. Bf1 Nxe5 8.
Rxe5 O-O 9. d4 Bf6 10. Re1 Re8 11. Bf4 Rxe1 12. Qxe1 Ne8 13. Nc3 Bxd4 14. Nd5 d6
15. Bg5 f6 16. Bh4 g5 17. Qe4 Bxb2 18. Re1 Be5 19. Bd3 f5 20. Qc4 gxh4 21. Nxc7+
Kg7 22. Nxa8 Bd7 23. Qb4 b6 24. Qa3 a5 25. Bc4 1/2-1/2

[Event "77th ch-RUS 2024"]
[Site "Barnaul RUS"]
[Date "2024.08.18"]
[Round "2.4"]
[White "Matlakov, Maxim"]
[Black "Esipenko, Andrey"]
[Result "1/2-1/2"]
[WhiteTitle "GM"]
[BlackTitle "GM"]
[WhiteElo "2651"]
[BlackElo "2671"]
[WhiteFideId "4168003"]
[BlackFideId "24175439"]
[EventDate "2024.08.17"]

1. e4 e5 2. Nf3 Nc6 3. Bb5 Nf6 4. O-O Nxe4 5. Re1 Nd6 6. Nxe5 Be7 7. Bf1 Nxe5 8.
Rxe5 O-O 9. d4 Bf6 10. Re1 Re8 11. Rxe8+ Nxe8 12. d5 d6 13. Nd2 Bg5 14. c4 Bd7
15. Qc2 b6 16. Bd3 g6 17. b3 Bf6 18. Bb2 Ng7 19. Re1 Bxb2 20. Qxb2 Nh5 21. g3
Qf6 22. Qxf6 Nxf6 23. f3 Kf8 24. Kf2 c6 25. dxc6 Bxc6 26. g4 d5 1/2-1/2

[Event "77th ch-RUS 2024"]
[Site "Barnaul RUS"]
[Date "2024.08.18"]
[Round "2.5"]
[White "Dubov, Daniil"]
[Black "Grebnev, Aleksey"]
[Result "1/2-1/2"]
[WhiteTitle "GM"]
[BlackTitle "GM"]
[WhiteElo "2701"]
[BlackElo "2513"]
[WhiteFideId "24126055"]
[BlackFideId "34189030"]
[EventDate "2024.08.17"]

1. e4 e5 2. Nf3 Nf6 3. d4 Nxe4 4. Bd3 Nc6 5. O-O d5 6. dxe5 Bg4 7. Nc3 Nxc3 8.
bxc3 Bc5 9. Re1 Qd7 10. h3 Bh5 11. Rb1 O-O-O 12. Rb5 Bb6 13. Bg5 1/2-1/2

[Event "77th ch-RUS 2024"]
[Site "Barnaul RUS"]
[Date "2024.08.18"]
[Round "2.6"]
[White "Najer, Evgeniy"]
[Black "Nesterov, Arseniy"]
[Result "1/2-1/2"]
[WhiteTitle "GM"]
[BlackTitle "GM"]
[WhiteElo "2635"]
[BlackElo "2592"]
[WhiteFideId "4118987"]
[BlackFideId "24198455"]
[EventDate "2024.08.17"]

1. d4 d5 2. Nf3 Nf6 3. Bg5 e6 4. Nbd2 Be7 5. e3 Nbd7 6. Bd3 b6 7. c3 Bb7 8. h4
Ne4 9. Bf4 Bd6 10. Bxd6 cxd6 11. Ng1 O-O 12. f3 Nxd2 13. Qxd2 e5 14. Ne2 e4 15.
Bc2 b5 16. Nf4 Nb6 17. b3 Rc8 18. Rc1 Qc7 19. fxe4 dxe4 20. Bd1 1/2-1/2

[Event "77th ch-RUS 2024"]
[Site "Barnaul RUS"]
[Date "2024.08.19"]
[Round "3.1"]
[White "Dreev, Aleksey"]
[Black "Ponkratov, Pavel"]
[Result "1/2-1/2"]
[WhiteTitle "GM"]
[BlackTitle "GM"]
[WhiteElo "2591"]
[BlackElo "2571"]
[WhiteFideId "4100107"]
[BlackFideId "4157800"]
[EventDate "2024.08.17"]

1. d4 Nf6 2. Nf3 g6 3. g3 Bg7 4. Bg2 O-O 5. O-O d6 6. c4 Nbd7 7. Nc3 e5 8. b3
Re8 9. Qc2 c6 10. e3 exd4 11. Nxd4 Nc5 12. Bb2 Qe7 13. Rad1 Bg4 14. Rd2 Rad8 15.
h3 Bc8 16. Rfd1 a5 1/2-1/2

[Event "77th ch-RUS 2024"]
[Site "Barnaul RUS"]
[Date "2024.08.19"]
[Round "3.2"]
[White "Grebnev, Aleksey"]
[Black "Artemiev, Vladislav"]
[Result "1/2-1/2"]
[WhiteTitle "GM"]
[BlackTitle "GM"]
[WhiteElo "2513"]
[BlackElo "2699"]
[WhiteFideId "34189030"]
[BlackFideId "24101605"]
[EventDate "2024.08.17"]

1. d4 Nf6 2. c4 e6 3. Nc3 Bb4 4. e3 O-O 5. Bd3 d5 6. Nf3 b6 7. O-O Ba6 8. cxd5
exd5 9. Bxa6 Nxa6 10. Qa4 Qc8 11. Bd2 Qb7 12. Ne5 c5 13. dxc5 bxc5 14. a3 Bxc3
15. Bxc3 Rac8 16. Nd3 Ne4 17. Nf4 Nc7 18. Rfd1 d4 19. exd4 Nb5 20. Ne2 cxd4 21.
Bxd4 Nxd4 22. Qxd4 Rc2 23. Ng3 Nxg3 24. hxg3 Rxb2 25. Rac1 h6 26. Rc7 Qxc7 27.
Qxb2 Re8 28. Qb5 Re5 29. Qb4 a5 30. Qd4 h5 31. g4 h4 32. Qd8+ Qxd8 33. Rxd8+ Kh7
34. Ra8 Rc5 35. Ra6 f6 36. Kh2 Kh6 37. f3 Kg5 1/2-1/2

[Event "77th ch-RUS 2024"]
[Site "Barnaul RUS"]
[Date "2024.08.19"]
[Round "3.3"]
[White "Esipenko, Andrey"]
[Black "Dubov, Daniil"]
[Result "1/2-1/2"]
[WhiteTitle "GM"]
[BlackTitle "GM"]
[WhiteElo "2671"]
[BlackElo "2701"]
[WhiteFideId "24175439"]
[BlackFideId "24126055"]
[EventDate "2024.08.17"]

1. e4 e5 2. Nf3 Nc6 3. Bc4 Nf6 4. d3 Be7 5. Nc3 O-O 6. a4 d6 7. a5 Nb4 8. h3 Be6
9. Bxe6 fxe6 10. O-O c5 11. Ne2 Nc6 12. Ng3 h6 13. Bd2 Qd7 14. c3 b5 15. axb6
axb6 16. Rxa8 Rxa8 17. Nh2 Kh7 18. Ng4 Rf8 19. Nxf6+ Bxf6 20. Qa4 b5 21. Qa6 Be7
22. Qxb5 1/2-1/2

[Event "77th ch-RUS 2024"]
[Site "Barnaul RUS"]
[Date "2024.08.19"]
[Round "3.4"]
[White "Grischuk, Alexander"]
[Black "Matlakov, Maxim"]
[Result "1/2-1/2"]
[WhiteTitle "GM"]
[BlackTitle "GM"]
[WhiteElo "2708"]
[BlackElo "2651"]
[WhiteFideId "4126025"]
[BlackFideId "4168003"]
[EventDate "2024.08.17"]

1. d4 Nf6 2. Bf4 d5 3. e3 c5 4. Nf3 Nc6 5. Nbd2 e6 6. c3 Nh5 7. Bg5 f6 8. Bh4
cxd4 9. cxd4 Be7 10. Rc1 g6 11. Be2 O-O 12. O-O g5 13. Ne1 gxh4 14. Bxh5 Kh8 15.
Bg4 Rg8 16. Kh1 e5 17. Bxc8 Rxc8 18. h3 e4 19. Qh5 Rg5 20. Qxh4 f5 21. Qf4 Bd6
22. Qh4 Be7 23. Qf4 Bd6 1/2-1/2

[Event "77th ch-RUS 2024"]
[Site "Barnaul RUS"]
[Date "2024.08.19"]
[Round "3.5"]
[White "Makarian, Rudik"]
[Black "Najer, Evgeniy"]
[Result "1/2-1/2"]
[WhiteTitle "IM"]
[BlackTitle "GM"]
[WhiteElo "2537"]
[BlackElo "2635"]
[WhiteFideId "44105681"]
[BlackFideId "4118987"]
[EventDate "2024.08.17"]

1. c4 c6 2. d4 d5 3. Nf3 Nf6 4. Qc2 g6 5. cxd5 cxd5 6. Nc3 Nc6 7. Bf4 Bf5 8. Qb3
Na5 9. Qa4+ Bd7 10. Qd1 Rc8 11. e3 Nh5 12. Bg5 f6 13. Bh4 e6 14. Nd2 Be7 15. Bd3
O-O 16. h3 Qe8 17. O-O b5 18. a3 Nc4 19. Nxc4 bxc4 20. Be2 Rb8 21. Rb1 Ng7 22.
Bg3 Rb3 23. e4 Bc6 24. Re1 Qd8 25. Qd2 Rb6 26. exd5 exd5 27. Bg4 Rf7 28. Re2 Bf8
29. Rbe1 Rbb7 30. Be6 Nxe6 31. Rxe6 Bd7 32. Ra6 Bf5 33. h4 Bc8 34. Rc6 Bd7 35.
Rc5 Bxc5 36. dxc5 Bc6 37. Bd6 Rb3 38. Qd4 Kg7 39. Nxd5 Bxd5 40. Qxd5 Rxb2 41. h5
Rd7 42. Qd4 Rb6 43. h6+ Kxh6 44. Qe3+ g5 45. cxb6 Rxd6 46. b7 Rb6 47. Qh3+ Kg7
48. Qc8 Qd6 49. g3 Rb2 50. a4 c3 51. Qxc3 Rxb7 52. a5 Rc7 53. Qb2 Rd7 54. Qb5 h5
55. Qf5 Re7 56. Rb1 Qc6 57. Qd3 Rd7 58. Qe2 Qd5 59. a6 1/2-1/2

[Event "77th ch-RUS 2024"]
[Site "Barnaul RUS"]
[Date "2024.08.19"]
[Round "3.6"]
[White "Nesterov, Arseniy"]
[Black "Timofeev, Artyom"]
[Result "1-0"]
[WhiteTitle "GM"]
[BlackTitle "GM"]
[WhiteElo "2592"]
[BlackElo "2547"]
[WhiteFideId "24198455"]
[BlackFideId "4140419"]
[EventDate "2024.08.17"]

1. d4 d5 2. c4 dxc4 3. Nf3 Nf6 4. e3 e6 5. Bxc4 c5 6. O-O Nc6 7. Nc3 a6 8. a3 b5
9. Ba2 Bb7 10. Qe2 Bd6 11. Rd1 Qe7 12. dxc5 Bxc5 13. b4 Bd6 14. e4 Ne5 15. Bf4
Nxf3+ 16. Qxf3 Bxf4 17. Qxf4 Rc8 18. Rd3 O-O 19. e5 Nd7 20. Rad1 Nb6 21. h4 Rc7
22. h5 Rd7 23. h6 Rfd8 24. Bb1 Rxd3 25. Rxd3 Rxd3 26. Bxd3 Nd7 27. Be4 Bxe4 28.
Nxe4 f5 29. exf6 gxf6 30. Qc7 Kf7 31. Qc6 f5 32. Nd6+ Kg6 33. Nc8 Qe8 34. Nd6
Qd8 35. Nb7 Qg5 36. Qxe6+ Nf6 37. Qe1 Ne4 38. Nc5 Qd2 39. Qxd2 Nxd2 40. a4 bxa4
41. Nxa4 Nc4 42. Kf1 Kxh6 43. Ke2 Kg5 44. Kd3 Nd6 45. Nc5 f4 46. Nxa6 h5 47. Nc5
Kg4 48. Ne6 h4 49. Nd4 Nb5 50. Nxb5 f3 51. gxf3+ Kxf3 52. Nd4+ Kxf2 53. Ke4 1-0

[Event "77th ch-RUS 2024"]
[Site "Barnaul RUS"]
[Date "2024.08.20"]
[Round "4.1"]
[White "Najer, Evgeniy"]
[Black "Timofeev, Artyom"]
[Result "1-0"]
[WhiteTitle "GM"]
[BlackTitle "GM"]
[WhiteElo "2635"]
[BlackElo "2547"]
[WhiteFideId "4118987"]
[BlackFideId "4140419"]
[EventDate "2024.08.17"]

1. e4 c5 2. Nf3 e6 3. d4 cxd4 4. Nxd4 a6 5. Bd3 b6 6. Nc3 Bb7 7. Qe2 Qc7 8. O-O
Bc5 9. Nb3 Be7 10. f4 Nf6 11. e5 Nd5 12. Nxd5 Bxd5 13. c4 Bb7 14. f5 Nc6 15. Bf4
a5 16. f6 gxf6 17. exf6 Bd6 18. Bxd6 Qxd6 19. Rad1 Nd4 20. Nxd4 Qxd4+ 21. Kh1
Qh4 22. Qe3 Rg8 23. Rd2 O-O-O 24. c5 Qg5 25. Qxg5 Rxg5 26. cxb6 h5 27. Kg1 Bc6
28. Ba6+ Kb8 29. Rf4 Rdg8 30. g3 Rg4 31. Rfd4 h4 32. Rxd7 Bxd7 33. Rxd7 hxg3 34.
h3 Rb4 35. Rb7+ Ka8 36. Ra7+ Kb8 37. Rb7+ Ka8 38. Ra7+ Kb8 39. Rxf7 Rxb6 40. Re7
Rf8 41. f7 Rxf7 42. Rxf7 Rxa6 43. Kg2 Kc8 44. h4 Kd8 45. h5 Ke8 46. Rb7 Kf8 47.
Kxg3 a4 48. Kf4 Ra5 49. h6 Kg8 50. Ke4 Rh5 51. h7+ Kh8 52. Kd4 a3 53. b4 Rh2 54.
Kc3 Rxa2 55. Kb3 Ra1 56. Re7 e5 57. Rxe5 a2 58. Re4 Kxh7 59. Rg4 Kh6 60. Kb2 Rf1
61. Kxa2 Rf3 62. b5 Kh5 63. Rb4 Kg6 64. b6 Rf8 65. Kb3 Kf5 66. b7 Rb8 67. Kc4
Ke6 68. Kc5 Kd7 69. Kb6 1-0

[Event "77th ch-RUS 2024"]
[Site "Barnaul RUS"]
[Date "2024.08.20"]
[Round "4.2"]
[White "Ponkratov, Pavel"]
[Black "Nesterov, Arseniy"]
[Result "0-1"]
[WhiteTitle "GM"]
[BlackTitle "GM"]
[WhiteElo "2571"]
[BlackElo "2592"]
[WhiteFideId "4157800"]
[BlackFideId "24198455"]
[EventDate "2024.08.17"]

1. e4 e5 2. Nf3 Nf6 3. d4 Nxe4 4. Bd3 d5 5. Nxe5 Nd7 6. Nc3 Nxe5 7. dxe5 Nxc3 8.
bxc3 Bc5 9. O-O O-O 10. Rb1 Qh4 11. Qf3 b6 12. Be3 Bg4 13. Qf4 Be7 14. Qa4 c5
15. f3 Be6 16. f4 Rfd8 17. Kh1 Bd7 18. Qa6 Bc8 19. Qa4 Bd7 20. Bb5 Qg4 21. Rbd1
Qf5 22. Rd2 h5 23. h3 Bxb5 24. Qxb5 f6 25. Qc6 Qc8 26. Qxc8 Raxc8 27. e6 f5 28.
g4 Rd6 29. Bg1 Rxe6 30. gxf5 Rd6 31. Re1 Kf7 32. Rd3 Rcd8 33. a4 Bf6 34. Kg2 Re8
35. Rxe8 Kxe8 36. c4 d4 37. Kf3 Kd7 38. Bf2 Kc6 39. Ke4 Rd7 40. Rg3 a6 41. Rg6
b5 42. Kd3 bxc4+ 43. Kxc4 Re7 44. c3 dxc3 45. Bxc5 Re4+ 46. Kd3 Kxc5 0-1

[Event "77th ch-RUS 2024"]
[Site "Barnaul RUS"]
[Date "2024.08.20"]
[Round "4.3"]
[White "Matlakov, Maxim"]
[Black "Dreev, Aleksey"]
[Result "1/2-1/2"]
[WhiteTitle "GM"]
[BlackTitle "GM"]
[WhiteElo "2651"]
[BlackElo "2591"]
[WhiteFideId "4168003"]
[BlackFideId "4100107"]
[EventDate "2024.08.17"]

1. d4 d5 2. c4 c6 3. Nf3 Nf6 4. Nc3 e6 5. Bg5 Nbd7 6. cxd5 exd5 7. e3 h6 8. Bf4
Nb6 9. Bd3 Bg4 10. Qb3 Bxf3 11. gxf3 Bd6 12. Bg3 Nh5 13. Rd1 O-O 14. a4 Rb8 15.
O-O Nc8 16. e4 dxe4 17. fxe4 Bxg3 18. hxg3 Qxd4 19. Bc4 Qb6 20. Kg2 Qxb3 21.
Bxb3 Ne7 22. Rd7 Ng6 23. Rfd1 Nf6 24. R7d6 b5 25. axb5 cxb5 26. f4 a5 27. e5 a4
28. Bc2 Ng4 29. Nd5 N4xe5 30. fxe5 Nxe5 31. Ne7+ Kh8 32. Nc6 Rbc8 33. Nxe5 Rxc2+
34. R1d2 Rxd2+ 35. Rxd2 b4 36. Rd4 Re8 37. Nd3 a3 38. bxa3 bxa3 39. Ra4 h5 40.
Rxa3 Re7 41. Kf3 g6 42. Ra5 Kg7 43. Ne5 Rb7 44. Rd5 Kf6 45. Nc4 1/2-1/2

[Event "77th ch-RUS 2024"]
[Site "Barnaul RUS"]
[Date "2024.08.20"]
[Round "4.4"]
[White "Dubov, Daniil"]
[Black "Grischuk, Alexander"]
[Result "1/2-1/2"]
[WhiteTitle "GM"]
[BlackTitle "GM"]
[WhiteElo "2701"]
[BlackElo "2708"]
[WhiteFideId "24126055"]
[BlackFideId "4126025"]
[EventDate "2024.08.17"]

1. d4 d5 2. c4 c6 3. Nf3 Nf6 4. e3 Bg4 5. Qb3 Qb6 6. Nc3 e6 7. Nh4 Be7 8. h3 Bh5
9. g4 Bg6 10. Nxg6 hxg6 11. Bg2 g5 12. Bd2 Qxb3 13. axb3 Nbd7 14. O-O-O O-O-O
15. Kc2 Nf8 16. Ra1 a6 17. Rhd1 Ng6 18. Na4 Nh4 19. Bh1 Ng6 20. Bg2 Nh4 21. Bh1
Ng6 22. Bg2 1/2-1/2

[Event "77th ch-RUS 2024"]
[Site "Barnaul RUS"]
[Date "2024.08.20"]
[Round "4.5"]
[White "Artemiev, Vladislav"]
[Black "Esipenko, Andrey"]
[Result "1/2-1/2"]
[WhiteTitle "GM"]
[BlackTitle "GM"]
[WhiteElo "2699"]
[BlackElo "2671"]
[WhiteFideId "24101605"]
[BlackFideId "24175439"]
[EventDate "2024.08.17"]

1. e4 e5 2. Nf3 Nc6 3. Bb5 a6 4. Bxc6 dxc6 5. O-O Qf6 6. d4 exd4 7. Bg5 Qd6 8.
Nxd4 Be7 9. Be3 Nf6 10. f3 c5 11. Ne2 Be6 12. b3 O-O-O 13. Qxd6 Bxd6 14. Nbc3 c4
15. Rfd1 Ba3 16. Kf2 cxb3 17. axb3 Bb4 18. g4 Rxd1 19. Nxd1 Rd8 20. Nb2 Be7 21.
Nf4 Nd7 22. Nxe6 fxe6 23. f4 Nb8 24. Nd3 Nc6 25. Ke2 a5 26. c3 b6 27. h4 Na7 28.
e5 Nb5 29. Bd2 h5 30. gxh5 Rh8 31. b4 Rxh5 32. bxa5 Rxh4 33. axb6 Rh2+ 34. Kd1
cxb6 35. Ra8+ Kd7 36. c4 Rh1+ 37. Ke2 Nd4+ 38. Ke3 Nf5+ 39. Ke2 Nd4+ 1/2-1/2

[Event "77th ch-RUS 2024"]
[Site "Barnaul RUS"]
[Date "2024.08.20"]
[Round "4.6"]
[White "Makarian, Rudik"]
[Black "Grebnev, Aleksey"]
[Result "1/2-1/2"]
[WhiteTitle "IM"]
[BlackTitle "GM"]
[WhiteElo "2537"]
[BlackElo "2513"]
[WhiteFideId "44105681"]
[BlackFideId "34189030"]
[EventDate "2024.08.17"]

1. e4 c5 2. Nf3 d6 3. Bb5+ Nd7 4. a4 Nf6 5. Nc3 g6 6. O-O Bg7 7. Re1 a6 8. Bf1
O-O 9. a5 b5 10. axb6 Nxb6 11. d4 cxd4 12. Nxd4 Qc7 13. Nb3 Rd8 14. Bf4 Nfd7 15.
Nd5 Nxd5 16. exd5 Nb6 17. Na5 Bxb2 18. Nc6 Re8 19. Rb1 Bf6 20. c4 Bd7 21. Be3
Nc8 22. Qb3 a5 23. Qb7 Qxb7 24. Rxb7 Bf5 25. h3 a4 26. g4 a3 27. Bd4 Bxd4 28.
Nxd4 a2 29. Ra1 Bb1 30. Nb5 e6 31. Bg2 Ra4 32. dxe6 Rxe6 33. Bd5 Re1+ 34. Kh2
Ne7 35. Nc3 Ra5 36. Bg2 g5 37. Nxb1 1/2-1/2

[Event "77th ch-RUS 2024"]
[Site "Barnaul RUS"]
[Date "2024.08.21"]
[Round "5.1"]
[White "Grischuk, Alexander"]
[Black "Artemiev, Vladislav"]
[Result "1/2-1/2"]
[WhiteTitle "GM"]
[BlackTitle "GM"]
[WhiteElo "2708"]
[BlackElo "2699"]
[WhiteFideId "4126025"]
[BlackFideId "24101605"]
[EventDate "2024.08.17"]

1. e4 e5 2. Nf3 Nc6 3. Bc4 Bc5 4. c3 Nf6 5. d4 exd4 6. e5 d5 7. Be2 Ne4 8. cxd4
Bb6 9. O-O Bg4 10. Be3 f6 11. Nc3 O-O 12. exf6 Nxf6 13. Na4 Qd6 14. h3 Bh5 15.
Nc5 Bxc5 16. dxc5 Qd7 17. Qb3 Bxf3 18. Bxf3 Ne5 19. Be2 1/2-1/2

[Event "77th ch-RUS 2024"]
[Site "Barnaul RUS"]
[Date "2024.08.21"]
[Round "5.2"]
[White "Esipenko, Andrey"]
[Black "Makarian, Rudik"]
[Result "1-0"]
[WhiteTitle "GM"]
[BlackTitle "IM"]
[WhiteElo "2671"]
[BlackElo "2537"]
[WhiteFideId "24175439"]
[BlackFideId "44105681"]
[EventDate "2024.08.17"]

1. d4 Nf6 2. Nf3 d5 3. g3 e6 4. Bg2 Be7 5. O-O O-O 6. b3 b6 7. c4 c6 8. Bb2 Nbd7
9. Nc3 Bb7 10. Qd3 Qc7 11. Rfd1 Rfe8 12. Rac1 Rad8 13. Nd2 Qb8 14. e4 dxc4 15.
Nxc4 b5 16. Ne3 e5 17. dxe5 Nxe5 18. Qe2 Rxd1+ 19. Ncxd1 Rd8 20. Nf5 Qc7 21.
Nxe7+ Qxe7 22. Ne3 g6 23. Rd1 Rxd1+ 24. Qxd1 c5 25. Nd5 Bxd5 26. exd5 Qd6 27.
Qe2 Ned7 28. Qxb5 Nxd5 29. Qd3 N7b6 30. a4 Qe6 31. Qd2 Qd7 32. a5 Nf6 33. Qg5 1-0